000 00248nam a22001097a 4500
999 _c260965
_d260964
020 _a9780439895064
100 _aPatricia Reilly Giff
245 _aThe Candy Corn Contest
260 _aNew York
_bScholastic
_c1984
300 _a76 pgs
942 _cBK